Coding theory: a first course (Record no. 4937)
[ view plain ]
| 000 -LEADER | |
|---|---|
| fixed length control field | 00580 a2200217 4500 |
| 020 ## - INTERNATIONAL STANDARD BOOK NUMBER | |
| International Standard Book Number | 0-521-82191-6 |
| 020 ## - INTERNATIONAL STANDARD BOOK NUMBER | |
| International Standard Book Number | 0-521-52923-9 |
| 035 ## - SYSTEM CONTROL NUMBER | |
| System control number | (DLC) 2003055132 |
| 040 ## - CATALOGING SOURCE | |
| Original cataloging agency | DLC |
| Language of cataloging | DLC |
| 082 00 - DEWEY DECIMAL CLASSIFICATION NUMBER | |
| Classification number | 003/.54 |
| 100 1# - MAIN ENTRY--PERSONAL NAME | |
| Personal name | Ling, San, |
| 245 10 - TITLE STATEMENT | |
| Title | Coding theory: a first course |
| Remainder of title | a first course |
| Statement of responsibility, etc. | San Ling, Chaoping Xing |
| 260 ## - PUBLICATION, DISTRIBUTION, ETC. | |
| Place of publication, distribution, etc. | Cambridge : |
| Name of publisher, distributor, etc. | Cambridge University Press, |
| Date of publication, distribution, etc. | 2004 |
| 300 ## - PHYSICAL DESCRIPTION | |
| Extent | 222 s. |
| 650 #0 - SUBJECT ADDED ENTRY--TOPICAL TERM | |
| Topical term or geographic name entry element | Coding theory |
| 650 #0 - SUBJECT ADDED ENTRY--TOPICAL TERM | |
| Topical term or geographic name entry element | Kodteori |
| 650 #0 - SUBJECT ADDED ENTRY--TOPICAL TERM | |
| Topical term or geographic name entry element | Kryptering |
| 650 #0 - SUBJECT ADDED ENTRY--TOPICAL TERM | |
| Topical term or geographic name entry element | Cryptography |
| 700 1# - ADDED ENTRY--PERSONAL NAME | |
| Personal name | Xing, Chaoping, |
| Dates associated with a name | 1963- |
| 942 ## - ADDED ENTRY ELEMENTS (KOHA) | |
| Koha item type | Book |
| Call number prefix | 003.54 LIN |
| Source of classification or shelving scheme | |
| Withdrawn status | Lost status | Damaged status | Not for loan | Collection code | Permanent Location | Current Location | Shelving location | Date acquired | Source of acquisition | Cost, normal purchase price | Total Checkouts | Total Renewals | Full call number | Barcode | Date last seen | Date last checked out | Price effective from | Koha item type |
|---|---|---|---|---|---|---|---|---|---|---|---|---|---|---|---|---|---|---|
| Central Library (CL) | Central Library (CL) | First Floor - Computer Science | 12/15/2004 | Allied Book Company | 2711.61 | 2 | 1 | 003.54 LIN | SEECS005156 | 12/16/2021 | 11/16/2021 | 01/05/2017 | Book |
